000 00751nam a22002535i 4500
005 20260316111539.0
008 260316s2011 enk 000 0 eng
020 _a9780414046764
_qpaperback
038 _aUk
040 _aUk
041 _aeng
110 _aJoint Contracts Tribunal
245 0 0 _aJCT: Intermediate building contract 2011
_bIC 2011
246 3 _aIC 2011
264 1 _aLondon :
_bThomson Reuters (Professional) UK Limited,
_c2011
300 _aiv, 88 pages ;
_c30 cm
490 _aJCT Contracts 2011
650 0 _aConstruction contracts
651 _aUnited Kingdom
690 _96230
_aConstruction management
710 2 _aJoint Contracts Tribunal,
_eauthor.
942 _n0
999 _c122330
_d122330